Entry Personal Name
Number of records used in: 1
001 - CONTROL NUMBER
003 - CONTROL NUMBER IDENTIFIER
005 - DATE AND TIME OF LATEST TRANSACTION
- control field:
20200118132400.0
008 - FIXED-LENGTH DATA ELEMENTS
- fixed length control field:
830215n| azannaabn |n aaa
010 ## - LIBRARY OF CONGRESS CONTROL NUMBER
- LC control number:
n 83044437
035 ## - SYSTEM CONTROL NUMBER
- System control number:
(OCoLC)oca00932274
040 ## - CATALOGING SOURCE
- Original cataloging agency:
DLC
- Language of cataloging:
eng
- Description conventions:
rda
- Transcribing agency:
DLC
- Modifying agency:
DLC
- Modifying agency:
DNLM
046 ## - SPECIAL CODED DATES
100 1# - HEADING--PERSONAL NAME
- Personal name:
Quelch, John A.
670 ## - SOURCE DATA FOUND
- Source citation:
Farris, P.W. Advertising & promotion management, c1983 (a.e.)
- Information found:
CIP t.p. (John A. Quelch)
670 ## - SOURCE DATA FOUND
- Source citation:
Fenwick, I. Consumer behavior for marketing managers, c1984:
- Information found:
CIP t.p. (John A. Quelch) data sheet (b. 8/8/51)
670 ## - SOURCE DATA FOUND
- Source citation:
Global marketing management, c2006:
- Information found:
t.p. (John A. Quelch) p. viii (dean, internat'l develop.and prof., business admin., Harvard Business Sch.; Harvard Business Sch., DBA; Harvard Sch. of Public Health, M.S.; Wharton Sch. of the U. of Pennsylvania, M.B.A.; Oxford U., B.A., M.A.)